书目信息 |
| 书名: | The American promise | |
| 作者: | James L. Roark ... [et al.]. | |
| 分册号: | ||
| 分册名: | 出版地: | Boston : |
|
| 出版社: | Bedford/St. Martin’s | |
| 出版时间: | c2002. | |
| 页数: | xxxv, 27, 1183, 66, 58 p. : | |
| 开本: | 27 cm. | |
| 丛书名: | ||
| 中图分类号: | ||
| 科图分类号: | ||
| 其他分类号: | K712.4 | |
| 主题词: | ||
| 电子资源: | ||
| 000 | 00974cam a2200265 a 450 | |
| 001 | E0739084016 | |
| 005 | 20070519105235.50 | |
| 008 | 020305s2002 mauab b 001 0 eng | |
| 010 | @a2001131214 | |
| 020 | @a0312391242. | |
| 040 | @aDLC@cDLC | |
| 043 | @an-us--- | |
| 050 | 00 | @aE178.1@b.A49367 2002 |
| 090 | @aK712.4 | |
| 099 | @dK712.4@ex44=2 | |
| 245 | 04 | @aThe American promise :@ba history of the United States / @cJames L. Roark ... [et al.]. |
| 250 | @a2nd ed. | |
| 260 | @aBoston :@bBedford/St. Martin’s,@cc2002. | |
| 300 | @axxxv, 27, 1183, 66, 58 p. :@bill., maps (some col.) ;@c27 cm. | |
| 504 | @aIncludes bibliographical references and index. | |
| 651 | 0 | @aUnited States@xHistory@vTextbooks. |
| 700 | 1 | @aRoark, James L. |
| 906 | @a7@bcbc@corigcop@d2@encip@f20@gy-gencatlg | |
| 925 | 0 | @aacquire@b1 shelf copy@xpolicy default |
| 955 | @apv06 2002-03-05 to HLCD@clk03 2002-07-15@dlk03 2002-07-16 to shelflisting@elk18 2002-07-16; to Dewey 07-16-02 | |
| The American promise : : a history of the United States / / James L. Roark ... [et al.].-2nd ed.-Boston : : Bedford/St. Martin’s, , c2002. |
| xxxv, 27, 1183, 66, 58 p. : : ill., maps (some col.) ; ; 27 cm. |
| Includes bibliographical references and index. |
| ISBN 0312391242. |
| ● |
| 相关链接 |
|
|
|
|
正题名:American promise
索取号:K712.4/x44=2
 
预约/预借
| 序号 | 登录号 | 条形码 | 馆藏地/架位号 | 状态 | 备注 |
| 1 | 10637 | 300106374 | 第二样本阅览室/ [索取号:K712.4/x44=2] | 在馆 | |
| 2 | 10638 | 300106383 | 第四借阅区/ [索取号:K712.4/x44=2] | 在馆 |